Peter : (Record no. 43511)
[ view plain ]
| 000 -LEADER | |
|---|---|
| fixed length control field | 00771cam a22002294a 4500 |
| 001 - CONTROL NUMBER | |
| control field | 16329387 |
| 005 - DATE AND TIME OF LATEST TRANSACTION | |
| control field | 20180921150745.0 |
| 008 - FIXED-LENGTH DATA ELEMENTS--GENERAL INFORMATION | |
| fixed length control field | 100713s2011 miu 000 0 eng |
| 010 ## - LIBRARY OF CONGRESS CONTROL NUMBER | |
| LC control number | 2010029534 |
| 020 ## - INTERNATIONAL STANDARD BOOK NUMBER | |
| International Standard Book Number | 9781587432798 |
| 100 1# - MAIN ENTRY--PERSONAL NAME | |
| Personal name | Binz, Stephen J., |
| Dates associated with a name | 1955- |
| 245 10 - TITLE STATEMENT | |
| Title | Peter : |
| Remainder of title | fisherman and shepherd of the church / |
| Statement of responsibility, etc | Stephen J. Binz. |
| 260 ## - PUBLICATION, DISTRIBUTION, ETC. (IMPRINT) | |
| Place of publication, distribution, etc | Grand Rapids, MI : |
| Name of publisher, distributor, etc | Brazos Press, |
| Date of publication, distribution, etc | c2011. |
| 300 ## - PHYSICAL DESCRIPTION | |
| Extent | xxi, 168 p. ; |
| Dimensions | 23 cm. |
| 336 ## - CONTENT TYPE | |
| Content Type Term | text |
| 338 ## - CARRIER TYPE | |
| Materials Specified | unmediated |
| Carrier Type Term | volume |
| 490 0# - SERIES STATEMENT | |
| Series statement | Ancient-future Bible study |
| 600 00 - SUBJECT ADDED ENTRY--PERSONAL NAME | |
| Personal name | Peter, |
| Titles and other words associated with a name | the Apostle, Saint |
| Form subdivision | Textbooks. |
| 630 00 - SUBJECT ADDED ENTRY--UNIFORM TITLE | |
| Uniform title | Bible. |
| Name of part/section of a work | New Testament |
| Form subdivision | Biography |
| -- | Textbooks. |
| 942 ## - ADDED ENTRY ELEMENTS (KOHA) | |
| Source of classification or shelving scheme | Library of Congress Classification |
| Item type | Books |
| Withdrawn status | Lost status | Source of classification or shelving scheme | Damaged status | Not for loan | Home library | Current library | Shelving location | Date acquired | Source of acquisition | Inventory number | Total Checkouts | Full call number | Barcode | Date last seen | Price effective from | Koha item type |
|---|---|---|---|---|---|---|---|---|---|---|---|---|---|---|---|---|
| Library of Congress Classification | BSOP Library | BSOP Library | GC | 09/21/2018 | Theological Book Network | 43031 | BS2515 B51 2011 | 00054031 | 09/21/2018 | 09/21/2018 | Books |
